01997agaaa2200313 45000010005000000030009000050050017000140070009000310080040000400400023000800410013001031000047001161300023001632400031001862450159002172460024003762500022004002600131004223000034005535080163005875110091007505200579008415380016014205460013014366500057014497000057015067000059015637000061016227328IT-RoPAU20220918181248.0d cvaizq50131s9999||||xx ||| | || ||und|| aIT-RoPAUcIT-RoPAU aITALIANO aSautet ClaudegCodice regista SPICS: 11224 aUNA DONNA SEMPLICE aUNE HISTOIRE SIMPLEgT0019 aUNA DONNA SEMPLICEcSceneggiatura: Sautet Claude Dabadie Jean-Loup -- Diretto da: Sautet ClaudepUNA DONNA SEMPLICE (Rif. Codice opera principale : 37328) aUNE HISTOIRE SIMPLE aEdizione Standard aPARIGI - BERLINO (FRANCIA)bRENN - SARA - F.R.3 - RIALTO / Distribuzione: RAIg"1978 (1° ed.: 1986 ; Ed. Lingua Orig.: 1978)" aVHSbsonoro, col.c100 minuti a"Fotografia: Boffety Jean; Montaggio: Thiedot Jacqueline; Musica: Sarde Philippe; Sceneggiatura: Sautet Claude Dabadie Jean-Loup; Scenografia: Boggety Jean; " a"Cremer Bruno; Schneider Romy; Brasseur Claude; Bonnard Arlette; Darlan Eva; Berge' F" aFILM-DRAMMATICO A COLORIMARIE UNA DONNA ORMAI ALLE SOGLIE DELLA MATURITA' MA ANCORA AFFASCINANTE E' STATA DELUSA DA ENTRAMBI GLI UOMINI DELLA SUA VITA IL FREDDO E RAZIONALE GEORGE DEDITO SOLO ALL'AZIENDA CHE DIRIGE E IL FARFALLONE E IMMATURO SERGE CON IL QUALE HA INTRECCIATO UNA RELAZIONE DOPO LA SEPARAZIONE DAL PRIMO MARITO PER TENTARE DI AIUTARE UN AMICO SULL'ORLO DEL LICENZIAMENTO MARIE RIAVVICINA IL MARITO E VIVE DI NUOVO CON LUI UNA BREVE STORIA D'AMORE MA INFINE RIMASTA INCINTA DECIDE DI VIVERE DA SOLA DI TENERSI IL FIGLIO E DI DEDICARGLI IL RESTO DELLA SUA VITA aPAL, STEREO aITALIANO aPSICOLOGICOeFILMS [VHS]xCodice MATERIA SPICS: 9960 aSarde Philippee(musica)gCodice Musica SPICS: 11145 aSautet Claude e(regista)gCodice regista SPICS: 11224 aSautet Claude e(soggetto)gCodice Soggetto SPICS: 11224